Lịch sử biên niên Đảng cộng sản Việt Nam

Shranjeno v:
Bibliografske podrobnosti
Format: Knjiga
Izdano: H. Chính trị Quốc gia 2012
Oznake: Označite
Brez oznak, prvi označite!
Thư viện lưu trữ: Mạng thư viện Đại học Đà Nẵng
LEADER 00808nam a2200205 4500
001 000019891
003 16332
005 20150812150824.0
008 141126s2012 sd
245 1 0 |a Lịch sử biên niên Đảng cộng sản Việt Nam  |c Nguyễn Quý chủ biên 
260 |a H.  |b Chính trị Quốc gia  |c 2012 
774 |b Tái bản lần 2  |d H.  |d Chính trị Quốc gia  |d 2012  |g T.3  |h 1042 tr.  |n ĐTTS ghi: Học viện Chính trị - Hành chính Quốc gia Hồ Chí Minh. Viện Lịch sử Đảng  |t Đảng lãnh đạo kháng chiến và kiến quốc (1945-1954)  |w 16333 
OWN |a LSP 
999 |a From the UDN01 
TYP |a Monograph 
TYP |a Printed language 
980 |a Mạng thư viện Đại học Đà Nẵng